000 00784cab a2200253 4500
001 ABS53143
008 090401t1995 xxu||||| |||| 00| 0 eng d
035 _a(Sirsi) u2365
041 _aeng
100 _aRennie, J.
245 _aMaking management easier
260 _c1995
350 _a0
490 _aCountry Landowner
_vJune 1995, 14-15(2)
520 _aDiscusses how certain computer software programs are helping the costings of the business enterprises of Eastnor Castle and Estate, near Ledbury, Herefordshire.
650 _aESTATE MANAGEMENT
650 _aFARMPLAN COMPUTER SYSTEMS
650 _aProperty management
_96262
650 _aRURAL ESTATE MANAGEMENT
650 _aSOFTWARE PACKAGES
690 _aRURAL PRACTICE
942 _n0
948 _c04/03/1997
999 _c1426
_d1426